Statistics for Most Points From A Player NBA 2022

Click here to take the quiz!

General Stats

  • This quiz has been taken 32 times
  • The average score is 28 of 30

Answer Stats

HintAnswerPoints% Correct
GrizzliesJa Morant52
100%
CelticsJayson Tatum51
100%
CelticsJayson Tatum54
100%
NetsKevin Durant51
100%
NetsKevin Durant55
100%
NetsKevin Durant53
100%
LakersLeBron James56
100%
LakersLeBron James50
100%
MavericksLuka Doncic49
100%
MavericksLuka Doncic51
100%
HawksTrae Young47
100%
HawksTrae Young56
100%
SunsDevin Booker48
96%
SunsDevin Booker49
96%
BucksGiannis Antetokounmpo47
96%
BucksGiannis Antetokounmpo50
96%
76ersJoel Embiid50
96%
TimberwolvesKarl-Anthony Towns60
96%
NetsKyrie Irving60
96%
NetsKyrie Irving50
96%
NuggetsNikola Jokic49
96%
WarriorsStephen Curry50
96%
WarriorsStephen Curry47
96%
CelticsJaylen Brown50
93%
CelticsJaylen Brown46
93%
TimberwolvesAnthony Edwards49
82%
TimberwolvesAnthony Edwards48
82%
BullsDeMar DeRozan50
82%
KnicksRJ Barrett46
64%
PistonsSaddiq Bey51
46%

Score Distribution

Percentile by Number Answered

Percent of People with Each Score

Your Score History

You have not taken this quiz